000 00615nam a2200181 4500
001 110281
003 ES-MaACL
007 t|
008 061121s1975 sp r ||||1| spa d
100 1 _aMolho, Maurice.
_981870
245 1 0 _aSistemática del verbo español
_b: (aspectos modos, tiempos) /
_cMauricio Molho.
260 _aMadrid :
_bGredos,
_c1975.
300 _a2 v. ;
_c21 cm.
490 1 _aBiblioteca románica hispánica. Estudios y ensayos ;
_v229
830 0 _aBiblioteca románica hispánica. II. Estudios y ensayos
_v229
_9178108
852 _aES-MaACL
_jE-9991-2
_bR.93906
999 _c110281
_d110281